Schtroumpfs dans les BD - Mort subite - Statistiques

Statistiques générales
  • Ce quiz a été pris 570 fois
  • Le résultat moyen est 5 sur 20
Answers on the Grid
Answers color-coded by a green-red scale on the quiz's grid according to % correct below.
Apprenti Schtroumpf
Azraël
Bébé Schtroumpf
Cosmo-schtroumpf
Fafnir
Grand Schtroumpf
Omnibus
Pirlouit
Professeur Schtroumpf
Sassette
Schtroumpf à lunettes
Schtroumpf architecte
Schtroumpf botaniste
Schtroumpf bûcheron
Schtroumpf cascadeur
Schtroumpf casse-cou
Schtroumpf casse-pieds
Schtroumpf chançard
Schtroumpf colérique
Schtroumpf coquet
Schtroumpf éditorialiste
Schtroumpf étourdi
Schtroumpf fermier
Schtroumpf gourmand
Schtroumpf grincheux
Schtroumpf jongleur
Schtroumpf joyeux
Schtroumpf libraire
Schtroumpf Magnat
Schtroumpf menuisier
Schtroumpf meunier
Schtroumpf mineur
Schtroumpf mollasson
Schtroumpf nettoyeur
Schtroumpf pâtissier
Schtroumpf paysan
Schtroumpf poète
Schtroumpf punk
Schtroumpf qui joue faux
Schtroumpf sauvage
Schtroumpf simplet
Schtroumpf sportif
Schtroumpf surpris
Schtroumpfette
 
Statistiques - réponses
Réponse % Correct
Grand Schtroumpf
67%
Bébé Schtroumpf
56%
Schtroumpf à lunettes
56%
Apprenti Schtroumpf
48%
Cosmo-schtroumpf
43%
Schtroumpf coquet
42%
Schtroumpf gourmand
34%
Schtroumpfette
26%
Schtroumpf bûcheron
21%
Schtroumpf paysan
17%
Schtroumpf poète
17%
Schtroumpf sauvage
17%
Apparait dans Les P'tits Schtroumpfs Sassette
14%
Apparait dans Pâques schtroumpfantes Schtroumpf pâtissier
11%
Apparait dans Les P'tits Schtroumpfs Schtroumpf colérique
9%
Apparait dans Les Schtroumpfs joueurs Schtroumpf chançard
6%
Schtroumpf menuisier
5%
Schtroumpf meunier
5%
Schtroumpf mineur
5%
Apparait dans Les P'tits Schtroumpfs Schtroumpf mollasson
3%
Aucun quiz correspondant
Distribution des résultats
% des personnes avec chaque résultat
Percentile par nombre de réponses
Votre historique - résultats
Vous n’avez pas pris ce quiz